000 01087nam a2200205 a 4500
008 120416s1982 ||||||||||||||||| || u
020 _a0130113956
050 _aHF 5635 Kap
100 _aKaplan, Robert S
245 1 0 _aAdvanced management accounting
260 _aEnglewood Cliffs, [N.J.]:
_bFT Prentice-Hall
_c1982
300 _axvi, 655p. : ill.
350 _a0.00
650 0 _aMANAGERIAL ACCOUNTING
650 0 _aACCOUNTING--HANDBOOKS, MANUALS, ETC
995 _aMAIN LIBRARY OPEN ACCESS
_D0.00
_e709459
_FCBU-MAIN LIBRARY (Kitwe)
_H2
_I32.95
_jHF 5635 Kap
_M1
_UAVAILABLE
_y006418
_ZMain Library Open Access Collection
995 _aTEXTBOOKS (SB)
_D0.00
_e01418
_FCBU-SCHOOL TEXTBOOK COLLECTIONS
_H1
_I0.00
_jSCHOOL TEXTBOOK
_M4
_UAVAILABLE
_WSep 23, 2009
_y01418
_ZSchool Collections
995 _aBINDERY (DAMAGED)
_D0.00
_e709310
_FCBU-MAIN LIBRARY (Kitwe)
_H1
_I32.95
_jHF 5635 Kap
_M1
_UDAMAGED
_y006417
_ZMain Library Open Access Collection
995 _aTEXTBOOKS (SB)
_D0.00
_e01417
_FCBU-SCHOOL TEXTBOOK COLLECTIONS
_H1
_I0.00
_jSCHOOL TEXTBOOK
_M3
_UAVAILABLE
_WSep 23, 2009
_y01417
_ZSchool Collections
999 _c83713
_d83713